[Event "Bad Ragaz Swiss YM"]
[Site "Bad Ragaz"]
[Date "2021.03.10"]
[Round "5"]
[White "Giesinger, Elias"]
[Black "Meier, Lukas"]
[Result "1/2-1/2"]
[WhiteElo "2052"]
[BlackElo "2104"]
[PlyCount "83"]
[EventDate "2021.03.06"]
[EventType "tourn"]
[EventRounds "9"]
[EventCountry "SUI"]
[SourceTitle "CBM 201 Extra"]
[Source "ChessBase"]
[SourceDate "2021.05.31"]
[SourceVersion "1"]
[SourceVersionDate "2021.05.31"]
[SourceQuality "1"]

1. Nf3 d5 2. d4 Nc6 3. Bf4 Nf6 4. e3 Bg4 5. h3 Bxf3 6. Qxf3 e6 7. Bb5 Bd6 8. 0-0 0-0 9. Bxc6 bxc6 10. c4 Rb8 11. b3 Ne4 12. Rd1 f5 13. Nd2 Rf6 14. Rac1 Rg6 15. Rc2 Qh4 16. cxd5 cxd5 17. Kf1 Rf8 18. Rdc1 Rgf6 19. Bxd6 cxd6 20. Ke1 e5 21. Rc8 R6f7 22. Rxf8+ Rxf8 23. Nxe4 fxe4 24. Qg3 Qd8 25. dxe5 Qa5+ 26. Kd1 Qxa2 27. exd6 Qxb3+ 28. Ke1 Qa3 29. Rd1 Rd8 30. Rxd5 Qc3+ 31. Rd2 Rb8 32. Qg4 Rb1+ 33. Qd1 Rxd1+ 34. Kxd1 Qc8 35. d7 Qd8 36. Kc1 Kf7 37. Rd4 Kf6 38. Kd1 Kf5 39. Kd2 Ke5 40. Kc2 a5 41. Kc3 g5 42. g4 1/2-1/2

[Event "Bad Ragaz Swiss YM"]
[Site "Bad Ragaz"]
[Date "2021.03.08"]
[Round "3"]
[White "Stijve, Theo"]
[Black "Meier, Lukas"]
[Result "1-0"]
[WhiteElo "2241"]
[BlackElo "2104"]
[PlyCount "109"]
[EventDate "2021.03.06"]
[EventType "tourn"]
[EventRounds "9"]
[EventCountry "SUI"]
[SourceTitle "CBM 201 Extra"]
[Source "ChessBase"]
[SourceDate "2021.05.31"]
[SourceVersion "1"]
[SourceVersionDate "2021.05.31"]
[SourceQuality "1"]

1. Nf3 d5 2. c4 d4 3. b4 f6 4. e3 e5 5. c5 a5 6. Qa4+ Bd7 7. Bb5 Nc6 8. 0-0 axb4 9. Qc2 b3 10. Qxb3 Bxc5 11. Bb2 Nge7 12. exd4 exd4 13. Re1 Kf8 14. Qc4 b6 15. a4 Bg4 16. Ba3 Qd6 17. Bxc5 bxc5 18. Qd3 Bf5 19. Qe2 d3 20. Qf1 Nb4 21. Na3 c6 22. Bc4 g5 23. Bb3 Ng6 24. Nc4 Qc7 25. Ne3 Be4 26. Bd1 h5 27. Kh1 h4 28. h3 Kg7 29. Rc1 Ra5 30. Rc4 Bd5 31. Nf5+ Kf7 32. Rc3 Qd7 33. Ne3 Nf4 34. Ng4 Re8 35. Re3 Kg7 36. Qe1 Rxe3 37. Qxe3 Bxf3 38. Bxf3 Nbd5 39. Bxd5 cxd5 40. Rc1 d4 41. Qe4 c4 42. Rb1 Rd5 43. Qe1 Ne2 44. Rb6 c3 45. Nxf6 Qe7 46. Qa1 Rc5 47. Nh5+ Kh7 48. Qa3 Rc7 49. Nf6+ Kg7 50. Nh5+ Kh8 51. Rh6+ Kg8 52. Qb3+ Qf7 53. Qb8+ Qf8 54. Nf6+ Kg7 55. Qxc7+ 1-0

[Event "Bad Ragaz Swiss YM"]
[Site "Bad Ragaz"]
[Date "2021.03.07"]
[Round "2"]
[White "Meier, Lukas"]
[Black "Schlegel, Igor"]
[Result "0-1"]
[WhiteElo "2104"]
[BlackElo "2020"]
[PlyCount "72"]
[EventDate "2021.03.06"]
[EventType "tourn"]
[EventRounds "9"]
[EventCountry "SUI"]
[SourceTitle "CBM 201 Extra"]
[Source "ChessBase"]
[SourceDate "2021.05.31"]
[SourceVersion "1"]
[SourceVersionDate "2021.05.31"]
[SourceQuality "1"]

1. e4 c5 2. d4 cxd4 3. c3 dxc3 4. Nxc3 Nc6 5. Nf3 d6 6. Bc4 a6 7. 0-0 Nf6 8. Bf4 e6 9. Qe2 Nh5 10. Be3 Be7 11. Rfd1 Bd7 12. g4 Nf6 13. h3 h5 14. g5 Nh7 15. a3 Nxg5 16. Bxg5 Bxg5 17. Rxd6 Bf4 18. Rd3 Ne5 19. Nxe5 Bxe5 20. Qd2 Qe7 21. Re1 0-0-0 22. b4 Bc6 23. b5 Bxc3 24. Qxc3 axb5 25. Rxd8+ Rxd8 26. Bf1 Qg5+ 27. Bg2 Qd2 28. Qa1 Rd3 29. Bf1 Rxa3 30. Qxa3 Qxe1 31. Qf8+ Kc7 32. Qxf7+ Kb6 33. f3 b4 34. Qxg7 Qc3 35. Qf8 b3 36. Qa3 Qc5+ 0-1

[Event "FISU World University"]
[Site "Tornelo INT"]
[Date "2020.10.27"]
[Round "5.16"]
[White "Meier, Lukas"]
[Black "Rodriguez Silva, Sheila Angelica"]
[Result "1-0"]
[WhiteElo "2094"]
[BlackElo "1745"]
[PlyCount "45"]
[EventDate "2020.10.26"]
[EventType "team-swiss (rapid)"]
[EventRounds "9"]
[EventCountry "NET"]
[SourceTitle "CBM 199 Extra"]
[Source "ChessBase"]
[SourceDate "2021.01.31"]
[SourceVersion "1"]
[SourceVersionDate "2021.01.31"]
[SourceQuality "1"]
[WhiteTeam "Switzerland"]
[BlackTeam "Mexico V"]
[WhiteTeamCountry "SUI"]
[BlackTeamCountry "MEX"]

1. e4 c5 2. d4 cxd4 3. c3 dxc3 4. Nxc3 a6 5. Nf3 e6 6. Bc4 b5 7. Bb3 Ne7 8. Bg5 f6 9. Be3 Ng6 10. 0-0 Be7 11. Nd5 0-0 12. Bb6 Qe8 13. Nc7 Qf7 14. Nxa8 Bb7 15. Nc7 Bxe4 16. Re1 d5 17. Rxe4 dxe4 18. Bxe6 exf3 19. Qxf3 Nd7 20. Bxf7+ Rxf7 21. Ba5 Nde5 22. Qd5 Kh8 23. Rd1 1-0

[Event "FISU World University"]
[Site "Tornelo INT"]
[Date "2020.10.26"]
[Round "1.21"]
[White "Gianuzzi, Emanuel"]
[Black "Meier, Lukas"]
[Result "1/2-1/2"]
[WhiteElo "1442"]
[BlackElo "2094"]
[PlyCount "108"]
[EventDate "2020.10.26"]
[EventType "team-swiss (rapid)"]
[EventRounds "9"]
[EventCountry "NET"]
[SourceTitle "CBM 199 Extra"]
[Source "ChessBase"]
[SourceDate "2021.01.31"]
[SourceVersion "1"]
[SourceVersionDate "2021.01.31"]
[SourceQuality "1"]
[WhiteTeam "Argentina IV"]
[BlackTeam "Switzerland"]
[WhiteTeamCountry "ARG"]
[BlackTeamCountry "SUI"]

1. e4 d6 2. f4 d5 3. d3 dxe4 4. dxe4 Qxd1+ 5. Kxd1 Nf6 6. Nc3 c6 7. Nf3 e6 8. a3 Be7 9. Bc4 0-0 10. Ke2 b5 11. Bb3 Nbd7 12. Be3 Nc5 13. e5 Nd5 14. Nxd5 cxd5 15. Ba2 Bd7 16. Rac1 Na4 17. Bd4 Rfc8 18. Bb3 Nb6 19. g4 Nc4 20. Ra1 Bc5 21. Bxc4 bxc4 22. b4 cxb3 23. cxb3 Be7 24. Rhc1 a6 25. Kd2 f6 26. h3 Kf7 27. exf6 gxf6 28. g5 Rab8 29. Rxc8 Rxc8 30. Rg1 Bb5 31. gxf6 Bxf6 32. Ng5+ Bxg5 33. Rxg5 Rg8 34. h4 h6 35. Rxg8 Kxg8 36. Ke3 Kf7 37. Bb6 Kg6 38. Bd8 Kf5 39. Be7 e5 40. fxe5 Kxe5 41. Bc5 Bf1 42. Bb6 Bg2 43. Bc7+ Kf5 44. Kd4 Ke6 45. a4 Be4 46. b4 Bc2 47. b5 axb5 48. axb5 Ba4 49. Kc5 Kd7 50. Bf4 h5 51. Kxd5 Bxb5 52. Ke5 Be2 53. Kf6 Bg4 54. Bg5 Bd1 1/2-1/2

[Event "SUI-ch HT1 118th"]
[Site "Lenzerheide"]
[Date "2018.07.18"]
[Round "7"]
[White "Fischer, Daniel1111"]
[Black "Meier, Lukas"]
[Result "1/2-1/2"]
[WhiteElo "2263"]
[BlackElo "2137"]
[PlyCount "73"]
[EventDate "2018.07.12"]
[EventType "swiss"]
[EventRounds "9"]
[EventCountry "SUI"]
[SourceTitle "EXT 2019"]
[Source "ChessBase"]
[SourceDate "2018.10.10"]
[SourceVersion "1"]
[SourceVersionDate "2018.10.10"]
[SourceQuality "1"]

1. e4 d6 2. d4 Nf6 3. Nc3 Nbd7 4. Nf3 e5 5. Bc4 Be7 6. 0-0 c6 7. a4 Qc7 8. Re1 h6 9. b3 Nf8 10. Bb2 Ng6 11. h3 0-0 12. Bf1 Re8 13. g3 Nh7 14. Bg2 exd4 15. Nxd4 Bf6 16. Qd2 h5 17. Nf3 h4 18. g4 Be5 19. Rad1 Be6 20. Nxe5 dxe5 21. Ne2 Rad8 22. Qe3 Rxd1 23. Rxd1 Rd8 24. Rd3 Nf6 25. Qd2 Rxd3 26. Qxd3 Qd7 27. Nc1 Nf4 28. Qxd7 Nxd7 29. Bf1 f6 30. f3 Kf7 31. Nd3 Nxd3 32. Bxd3 g5 33. Kf2 Nc5 34. Be2 Ke8 35. Ke3 Bf7 36. Bf1 Kd7 37. Ba3 1/2-1/2

[Event "SUI-ch HT1 118th"]
[Site "Lenzerheide"]
[Date "2018.07.16"]
[Round "5"]
[White "Meier, Lukas"]
[Black "Bounlom, Jannik"]
[Result "1/2-1/2"]
[WhiteElo "2137"]
[BlackElo "1805"]
[PlyCount "105"]
[EventDate "2018.07.12"]
[EventType "swiss"]
[EventRounds "9"]
[EventCountry "SUI"]
[SourceTitle "EXT 2019"]
[Source "ChessBase"]
[SourceDate "2018.10.10"]
[SourceVersion "1"]
[SourceVersionDate "2018.10.10"]
[SourceQuality "1"]

1. e4 c5 2. d4 cxd4 3. c3 d5 4. exd5 Qxd5 5. cxd4 Nc6 6. Nf3 e5 7. Nc3 Bb4 8. Bd2 Bxc3 9. Bxc3 e4 10. Ne5 Nxe5 11. dxe5 Ne7 12. Qe2 Nf5 13. Rd1 Qc6 14. g4 e3 15. f3 Nh4 16. Rd6 Nxf3+ 17. Kd1 Qa4+ 18. b3 Qxg4 19. h3 Qf5 20. Qb5+ Bd7 21. Qxb7 Rd8 22. Bd3 Qh5 23. Be2 Qf5 24. Bxf3 Qb1+ 25. Ke2 Qc2+ 26. Bd2 exd2 27. Rxd2 Qxd2+ 28. Kxd2 Bc6+ 29. Kc3 Bxb7 30. Bxb7 Ke7 31. Rg1 g6 32. Rg4 Rd7 33. Ba6 Rhd8 34. Bc4 f6 35. e6 Rd6 36. Rh4 h5 37. Re4 Rc8 38. Kb4 Rcc6 39. Kb5 Rb6+ 40. Ka5 Rxe6 41. Bxe6 Rxe6 42. Rb4 Rb6 43. Rc4 Kd7 44. b4 g5 45. Rc5 Rc6 46. Rb5 a6 47. Rb7+ Ke6 48. Rh7 h4 49. a4 f5 50. Rh6+ Kd5 51. Rxc6 Kxc6 52. Kxa6 f4 53. b5+ 1/2-1/2

[Event "Styrian op U14/16 24th"]
[Site "Mureck"]
[Date "2017.08.08"]
[Round "7"]
[White "Meier, Lukas"]
[Black "Murko, Tadej"]
[Result "1-0"]
[WhiteElo "1947"]
[BlackElo "1444"]
[PlyCount "63"]
[EventDate "2017.08.02"]
[EventType "swiss"]
[EventRounds "9"]
[EventCountry "AUT"]
[SourceTitle "EXT 2019"]
[Source "ChessBase"]
[SourceDate "2018.10.10"]
[SourceVersion "1"]
[SourceVersionDate "2018.10.10"]
[SourceQuality "1"]

1. e4 c5 2. Nf3 d6 3. d4 cxd4 4. Nxd4 Nf6 5. Nc3 g6 6. Be3 Bg7 7. f3 0-0 8. Qd2 Nc6 9. Bc4 Bd7 10. 0-0-0 Rc8 11. Bb3 Nxd4 12. Bxd4 b5 13. Nd5 Nxd5 14. Bxg7 Kxg7 15. exd5 a5 16. a3 a4 17. Ba2 Bf5 18. c3 Kg8 19. g4 Bd7 20. h4 Qb6 21. Kb1 Rc7 22. h5 Bc8 23. Qh6 e6 24. dxe6 Bxe6 25. Bxe6 fxe6 26. hxg6 Rxf3 27. gxh7+ Kh8 28. Rdf1 Rcf7 29. Rxf3 Rxf3 30. Qg7+ Kxg7 31. h8Q+ Kg6 32. Qg8+ 1-0

[Event "World ol U16"]
[Site "Poprad"]
[Date "2016.07.25"]
[Round "5.4"]
[White "Onur, Cigdem"]
[Black "Meier, Lukas"]
[Result "1/2-1/2"]
[WhiteElo "1791"]
[BlackElo "1874"]
[PlyCount "87"]
[EventDate "2016.07.22"]
[EventType "team-swiss"]
[EventRounds "9"]
[EventCountry "SVK"]
[SourceTitle "EXT 2017"]
[Source "ChessBase"]
[SourceDate "2016.10.25"]
[SourceVersion "1"]
[SourceVersionDate "2016.10.25"]
[SourceQuality "1"]
[WhiteTeam "Turkey"]
[BlackTeam "Switzerland"]
[WhiteTeamCountry "TUR"]
[BlackTeamCountry "SUI"]

1. e4 Nf6 2. e5 Nd5 3. d4 d6 4. Nf3 dxe5 5. Nxe5 c6 6. Be2 Bf5 7. 0-0 Nd7 8. Nf3 e6 9. c4 N5f6 10. Nc3 Bd6 11. d5 Qc7 12. dxc6 bxc6 13. h3 e5 14. Be3 0-0 15. Nh4 Be6 16. Qc2 Rab8 17. Rad1 Bc5 18. Bxc5 Nxc5 19. Nf3 h6 20. Rfe1 e4 21. Nd4 e3 22. Bf3 exf2+ 23. Qxf2 Bxc4 24. Nxc6 Nd3 25. Rxd3 Bxd3 26. Nxb8 Rxb8 27. Nd5 Nxd5 28. Bxd5 Bg6 29. b3 Rc8 30. Bc4 a5 31. a4 Qd6 32. Qa7 Rc5 33. Qa8+ Kh7 34. Re8 Bf5 35. Rh8+ Kg6 36. Bxf7+ Kxf7 37. Qe8+ Kf6 38. Rf8+ Kg5 39. Qe3+ Kh4 40. Qf2+ Kg5 41. Qe3+ Kh4 42. Qf2+ Kg5 43. Qe3+ Kh4 44. Qf2+ 1/2-1/2

[Event "World ol U16"]
[Site "Poprad"]
[Date "2016.07.24"]
[Round "4.4"]
[White "Meier, Lukas"]
[Black "Joubert, Dantelle"]
[Result "1-0"]
[WhiteElo "1874"]
[BlackElo "1453"]
[PlyCount "109"]
[EventDate "2016.07.22"]
[EventType "team-swiss"]
[EventRounds "9"]
[EventCountry "SVK"]
[SourceTitle "EXT 2017"]
[Source "ChessBase"]
[SourceDate "2016.10.25"]
[SourceVersion "1"]
[SourceVersionDate "2016.10.25"]
[SourceQuality "1"]
[WhiteTeam "Switzerland"]
[BlackTeam "South Africa"]
[WhiteTeamCountry "SUI"]
[BlackTeamCountry "RSA"]

1. e4 e5 2. Nf3 Nc6 3. Bc4 Bc5 4. c3 Nf6 5. d3 d6 6. Bb3 h6 7. 0-0 0-0 8. h3 Kh8 9. Re1 Nh7 10. d4 exd4 11. cxd4 Bb4 12. Bd2 Bxd2 13. Nbxd2 Qf6 14. e5 dxe5 15. dxe5 Qg6 16. Nh4 Qg5 17. Ndf3 Qe7 18. e6 g5 19. Nf5 Qf6 20. N3d4 fxe6 21. Bxe6 Rd8 22. Bxc8 Raxc8 23. Re6 Qf8 24. Qa4 Nxd4 25. Nxd4 Qf4 26. Rd1 c5 27. g3 Rxd4 28. Re8+ Rxe8 29. Qxe8+ Qf8 30. Qe5+ Qf6 31. Qb8+ Nf8 32. Rxd4 cxd4 33. Qxb7 d3 34. Qd5 Qxb2 35. Qxd3 Qxa2 36. Qc3+ Kg8 37. Qf6 Qe6 38. Qa1 a6 39. Kh2 Ng6 40. Qa5 Ne5 41. Qd8+ Kg7 42. Qc7+ Kg6 43. Qc2+ Qf5 44. Qa2 Nf3+ 45. Kg2 Ne1+ 46. Kf1 Qxh3+ 47. Kxe1 Qh1+ 48. Kd2 Qc6 49. Qg8+ Kh5 50. Qf7+ Kg4 51. Qe7 Qd5+ 52. Ke2 Qf3+ 53. Ke1 a5 54. Qe6+ Qf5 55. f3+ 1-0

[Event "SUI-ch U16"]
[Site "Kreuzlingen"]
[Date "2016.07.03"]
[Round "7"]
[White "Baenziger, Fabian"]
[Black "Meier, Lukas"]
[Result "1-0"]
[WhiteElo "2319"]
[BlackElo "1932"]
[PlyCount "65"]
[EventDate "2016.06.30"]
[EventType "swiss"]
[EventRounds "7"]
[EventCountry "SUI"]
[SourceTitle "EXT 2017"]
[Source "ChessBase"]
[SourceDate "2016.10.25"]
[SourceVersion "1"]
[SourceVersionDate "2016.10.25"]
[SourceQuality "1"]

1. e4 Nf6 2. e5 Nd5 3. d4 d6 4. Nf3 dxe5 5. Nxe5 c6 6. Be2 Nd7 7. Nf3 N7f6 8. 0-0 g6 9. h3 Bg7 10. c4 Nc7 11. Bf4 Nh5 12. Be3 c5 13. Nc3 cxd4 14. Nxd4 Nf6 15. Bf3 0-0 16. Qe2 e5 17. Nb3 Ne6 18. Rfd1 Qc7 19. Nd5 Nxd5 20. cxd5 Nf4 21. Qd2 Bf5 22. Rac1 Qb8 23. Bxf4 exf4 24. d6 Rd8 25. Qxf4 Bxb2 26. Rc7 Rd7 27. Nc5 Rxc7 28. dxc7 Qf8 29. Nxb7 Bf6 30. g4 Bc2 31. Rc1 Qe7 32. Rxc2 Qe1+ 33. Kg2 1-0

[Event "SUI-ch U16"]
[Site "Kreuzlingen"]
[Date "2016.07.02"]
[Round "6"]
[White "Goldie, Thomas"]
[Black "Meier, Lukas"]
[Result "1-0"]
[WhiteElo "2171"]
[BlackElo "1932"]
[PlyCount "65"]
[EventDate "2016.06.30"]
[EventType "swiss"]
[EventRounds "7"]
[EventCountry "SUI"]
[SourceTitle "EXT 2017"]
[Source "ChessBase"]
[SourceDate "2016.10.25"]
[SourceVersion "1"]
[SourceVersionDate "2016.10.25"]
[SourceQuality "1"]

1. d4 Nf6 2. Nc3 d5 3. Bg5 Nbd7 4. Qd3 h6 5. Bh4 g5 6. Bg3 c6 7. 0-0-0 Bg7 8. f3 Qa5 9. e4 Nb6 10. e5 Nh5 11. Be1 Be6 12. Qe3 0-0-0 13. Kb1 Nc4 14. Bxc4 dxc4 15. Nge2 Bf8 16. g4 Ng7 17. Ne4 Qb6 18. Bf2 Bd5 19. h4 gxh4 20. Rxh4 e6 21. Rdh1 a5 22. Rxh6 Rxh6 23. Rxh6 Nf5 24. gxf5 Bxh6 25. Qxh6 exf5 26. Nd6+ Kb8 27. Qe3 Rh8 28. Nxf5 Rh1+ 29. Nc1 a4 30. a3 Rh3 31. Ng3 Ka7 32. Nce2 Qa5 33. Nf4 1-0

[Event "SUI-ch U16"]
[Site "Kreuzlingen"]
[Date "2016.07.01"]
[Round "3"]
[White "Giesinger, Elias"]
[Black "Meier, Lukas"]
[Result "1/2-1/2"]
[WhiteElo "2023"]
[BlackElo "1932"]
[PlyCount "169"]
[EventDate "2016.06.30"]
[EventType "swiss"]
[EventRounds "7"]
[EventCountry "SUI"]
[SourceTitle "EXT 2017"]
[Source "ChessBase"]
[SourceDate "2016.10.25"]
[SourceVersion "1"]
[SourceVersionDate "2016.10.25"]
[SourceQuality "1"]

1. Nf3 Nf6 2. c4 g6 3. Nc3 c5 4. e4 Bg7 5. d4 cxd4 6. Nxd4 d6 7. f3 Nc6 8. Be3 0-0 9. Be2 Nd7 10. Qd2 Nc5 11. 0-0 a6 12. Rfd1 Ne6 13. Nxc6 bxc6 14. c5 dxc5 15. Qxd8 Rxd8 16. Rxd8+ Nxd8 17. Na4 Ne6 18. Nb6 Rb8 19. Nxc8 Rxc8 20. Bxa6 Rb8 21. Bc1 Nd4 22. Rb1 Nc2 23. Bd3 Nb4 24. Bc4 Nc2 25. b3 Rd8 26. Bg5 Bd4+ 27. Kf1 Ne3+ 28. Bxe3 Bxe3 29. Ke2 Bf4 30. a4 Bc7 31. h3 Kg7 32. Rc1 Ba5 33. Bd3 Bb4 34. Rc4 Ra8 35. Rc1 Kf6 36. Bc4 Rd8 37. Rc2 e6 38. Bd3 Ra8 39. Ke3 e5 40. Rc1 Rd8 41. g3 Ke7 42. Rc2 f6 43. Rc4 Rd7 44. Rc2 Rd8 45. f4 h6 46. Ra2 Ra8 47. Ra1 Bc3 48. Rc1 Bd4+ 49. Ke2 Kd6 50. Bc4 Ra7 51. Kf3 Ke7 52. Rc2 Kd6 53. Rc1 Ke7 54. Kg4 h5+ 55. Kf3 Kd6 56. Rc2 Ke7 57. g4 hxg4+ 58. hxg4 exf4 59. Kxf4 Be5+ 60. Kf3 Ra8 61. Rg2 g5 62. Ra2 Ra5 63. Bg8 Ra8 64. Bc4 Ra5 65. Rc2 Ra8 66. Rd2 Rh8 67. Rg2 Rh3+ 68. Ke2 Kd7 69. a5 Kc7 70. a6 Kb6 71. Kd1 Rh1+ 72. Kc2 Ra1 73. Kd3 Rd1+ 74. Ke2 Rb1 75. Kf3 Rh1 76. Rd2 Rh3+ 77. Ke2 Rh2+ 78. Kd3 Rxd2+ 79. Kxd2 Bf4+ 80. Kd3 Be5 81. Ke3 Bf4+ 82. Kf2 Be5 83. Kf3 Ka7 84. Bd3 Kb6 85. Bc4 1/2-1/2

[Event "SUI-ch U16"]
[Site "Kreuzlingen"]
[Date "2016.06.30"]
[Round "1"]
[White "Stijve, Theo"]
[Black "Meier, Lukas"]
[Result "1/2-1/2"]
[WhiteElo "2071"]
[BlackElo "1932"]
[PlyCount "85"]
[EventDate "2016.06.30"]
[EventType "swiss"]
[EventRounds "7"]
[EventCountry "SUI"]
[SourceTitle "EXT 2017"]
[Source "ChessBase"]
[SourceDate "2016.10.25"]
[SourceVersion "1"]
[SourceVersionDate "2016.10.25"]
[SourceQuality "1"]

1. e4 Nf6 2. e5 Nd5 3. d4 d6 4. Nf3 c6 5. c4 Nc7 6. h3 dxe5 7. Nxe5 Nd7 8. Nf3 g6 9. Nc3 Bg7 10. Be3 0-0 11. Be2 e5 12. Qc2 Ne6 13. Rd1 Qa5 14. d5 Nf4 15. 0-0 Nc5 16. Qd2 Nxe2+ 17. Nxe2 Qxd2 18. Nxd2 Nd3 19. dxc6 bxc6 20. b3 f5 21. Nb1 e4 22. Nf4 Ne5 23. Rd2 a5 24. Rfd1 Kf7 25. Bc5 Re8 26. Na3 Ba6 27. Bb6 a4 28. Bc7 Re7 29. Bd6 Ree8 30. Nc2 axb3 31. axb3 Rad8 32. Bc7 Rxd2 33. Rxd2 Bh6 34. Bxe5 Rxe5 35. g3 Ke7 36. Nb4 Bb7 37. Ra2 Kd6 38. Rd2+ Kc7 39. Kf1 Bc8 40. Ke2 g5 41. Nh5 f4 42. g4 Re6 43. Nc2 1/2-1/2

[Event "SUI-ch U14"]
[Site "Cham"]
[Date "2014.07.03"]
[Round "2"]
[White "Goldie, Thomas"]
[Black "Meier, Lukas"]
[Result "1-0"]
[WhiteElo "2070"]
[BlackElo "1751"]
[PlyCount "43"]
[EventDate "2014.07.03"]
[EventType "swiss"]
[EventRounds "7"]
[EventCountry "SUI"]
[SourceTitle "CBM 161 Extra"]
[Source "ChessBase"]
[SourceDate "2014.08.29"]
[SourceVersion "1"]
[SourceVersionDate "2014.08.29"]
[SourceQuality "1"]

1. e4 Nf6 2. e5 Nd5 3. d4 d6 4. Nf3 dxe5 5. Nxe5 c6 6. Be2 Nd7 7. Nf3 g6 8. 0-0 Bg7 9. c4 N5b6 10. Nc3 0-0 11. Re1 c5 12. d5 a6 13. h3 Re8 14. Bf1 Qc7 15. d6 Qd8 16. Qe2 e5 17. a4 Rb8 18. a5 Na8 19. Nd5 f6 20. Ne7+ Kf7 21. Be3 b6 22. Nc6 1-0

[Event "SUI-ch U12"]
[Site "Geneve"]
[Date "2013.06.28"]
[Round "3"]
[White "Meier, Lukas"]
[Black "Zaza, Alexandre"]
[Result "0-1"]
[WhiteElo "1722"]
[BlackElo "1497"]
[PlyCount "48"]
[EventDate "2013.06.27"]
[EventType "swiss"]
[EventRounds "7"]
[EventCountry "SUI"]
[SourceTitle "EXT 2014"]
[Source "ChessBase"]
[SourceDate "2013.11.20"]
[SourceVersion "1"]
[SourceVersionDate "2013.11.20"]
[SourceQuality "1"]

1. e4 c5 2. Nf3 d6 3. d4 cxd4 4. Nxd4 Nf6 5. Nc3 g6 6. f4 Bg7 7. e5 Nh5 8. Bb5+ Bd7 9. e6 fxe6 10. Nxe6 Bxc3+ 11. bxc3 Qc8 12. Bxd7+ Kxd7 13. Ng5 Qxc3+ 14. Bd2 Qf6 15. 0-0 Nc6 16. Re1 Rae8 17. Rb1 b6 18. Re6 Qd4+ 19. Kh1 h6 20. Re4 Qd5 21. Qg4+ e6 22. c4 Qf5 23. Qf3 hxg5 24. g4 Ng3+ 0-1

[Event "SUI-ch U10"]
[Site "St Ursanne"]
[Date "2011.07.03"]
[Round "7"]
[White "Perman, Denis"]
[Black "Meier, Lukas"]
[Result "0-1"]
[WhiteElo "1790"]
[BlackElo "1433"]
[PlyCount "60"]
[EventDate "2011.06.30"]
[EventType "tourn"]
[EventRounds "7"]
[EventCountry "SUI"]
[SourceTitle "EXT 2012"]
[Source "ChessBase"]
[SourceDate "2011.11.24"]
[SourceVersion "1"]
[SourceVersionDate "2011.11.24"]
[SourceQuality "1"]

1. e4 e5 2. Nf3 Nc6 3. Bb5 a6 4. Ba4 Nf6 5. 0-0 b5 6. Bb3 Be7 7. Re1 0-0 8. d4 d6 9. c3 Bg4 10. d5 Na5 11. Bc2 c6 12. h3 Bh5 13. dxc6 Nxc6 14. a4 b4 15. Be3 d5 16. exd5 Na5 17. g4 Bg6 18. Bxg6 fxg6 19. Nxe5 Nxd5 20. Bd4 Bd6 21. Nd2 bxc3 22. bxc3 Rc8 23. Ne4 Re8 24. Nxd6 Qxd6 25. Nf3 Rf8 26. Be5 Qc6 27. Nd4 Qb6 28. Rb1 Qa7 29. Ne2 Qxf2+ 30. Kh1 Ne3 0-1